Indre - mort subite - Statistiques

Statistiques générales
  • Ce quiz a été pris 20 fois
  • Le résultat moyen est 8 sur 18
Answers on the Grid
Answers color-coded by a green-red scale on the quiz's grid according to % correct below.
3000 étangs
Châteaudun
Le centre géographique de la France continentale
Toul
Le Blanc
Un aéroport avec des vols réguliers
Tours
Chabris
Issoudun
Une zone occupée par La Prussie en 1815
Un barrage autrefois le plus grand d'Europe
Artigas
Okene
Luganville
Déols
Le Poinçonnet
Panay
Châteauroux
Katsina
Valle
Gargilesse-Dampierre
Choloma
Saint-Benoît-du-Sault
Levroux
Un site des jeux Olympiques
Apure
Argenton-sur-Creuse
Les Icaunais
Le lieu de naissance de Gérard Depardieu
Lagunes
La Châtre
Frasnes-lez-Anvaing
Béchar
Aigurande
Buzançais
Châtellerault
 
Statistiques - réponses
Réponse % Correct
Châteauroux
79%
Le Blanc
79%
Issoudun
71%
Argenton-sur-Creuse
64%
Déols
64%
La Châtre
57%
Dans la Brenne 3000 étangs
50%
Châteauroux Le lieu de naissance de Gérard Depardieu
50%
Le Poinçonnet
50%
Centre National de Tir Sportif, Châteauroux, 2024 Un site des jeux Olympiques
50%
Buzançais
43%
Tranzault Le centre géographique de la France continentale
36%
Saint-Benoît-du-Sault
29%
Barrage d'Eguzon Un barrage autrefois le plus grand d'Europe
29%
Aigurande
21%
Gargilesse-Dampierre
21%
Levroux
21%
Chabris
0%
Aucun quiz correspondant
Distribution des résultats
% des personnes avec chaque résultat
Percentile par nombre de réponses
Votre historique - résultats
Vous n’avez pas pris ce quiz